000 00575nam a22001937a 4500
005 20170713152822.0
008 170713b xxu||||| |||| 00| 0 eng d
020 _a978-2-10-052514-0
040 _aBUAC
_cBUC
100 _aBlancheton, Bertrand
245 _aLes politiques économiques en 32 fiches
_c/ par Bertrand Blancheteron
260 _aParis :
_bDunod,
_c2006
300 _a155 p.
_bcouv. en coul. ;
_c21 cm
440 _a(Exprss éco)
500 _aLexique pp (154-155)
630 _aSCIENCES SOCIALES
650 _apolitique économique
_95293
942 _cLBA
999 _c56660
_d56660